| 000 | 00757nam a2200205Ia 4500 | ||
|---|---|---|---|
| 999 |
_c52552 _d52552 |
||
| 005 | 20240530105023.0 | ||
| 008 | 140319s1990 ua 000 0 ara d | ||
| 017 |
_a1993/9915 _bمصر. دار الكتب |
||
| 040 |
_aGCL / _cGCL |
||
| 082 | 0 | 4 |
_a252.21/ _bع ك _221 |
| 100 | 0 | _aعبدالعزيز بن عبدالله بن باز | |
| 245 | 1 | 0 |
_aكيفية صلاة النبى صلى الله عليه وسلم ووجوب الصلاة فى الجماعة / _cعبدالعزيز بن عبدالله بن باز |
| 260 |
_aالقاهرة : _bمكتبة السنة، _c1993. |
||
| 300 |
_a29 ص ؛ _c16 سم. |
||
| 650 | 0 | 4 |
_aالصلاة _2qrmak |
| 650 | 0 | 4 |
_aالطهارة _2qrmak |
| 650 | 0 | 4 |
_aالوضوء _2qrmak |
| 651 | _2qrmak | ||
| 942 |
_2ddc _cBK |
||